书目信息 |
| 题名: |
投机家
|
|
| 作者: | 厄尔德曼(Erdman,P.E.) , 芦汀 著 | |
| 分册: | ||
| 出版信息: | 上海 上海译文出版社 1987.5 |
|
| 页数: | 240页 | |
| 开本: | 19厘米 | |
| 丛书名: | ||
| 单 册: | ||
| 中图分类: | I711.45 | |
| 科图分类: | 47.6252 | |
| 主题词: | 长篇小说--加拿大--现代 | |
| 电子资源: | ||
| ISBN: | ||
| 000 | 00955nam0 2200301 45 | |
| 001 | 0188000170 | |
| 005 | 20060809094048.79 | |
| 010 | @dCNY1.20 | |
| 020 | @aCN@b88000170 | |
| 091 | @aCN10188.729 | |
| 100 | @a19910410d1987 m y0chiy0120 ea | |
| 101 | 1 | @achi@ceng |
| 102 | @aCN@b310000 | |
| 105 | @ay z 000ay | |
| 200 | 10 | @a投机家@Atou ji jia@f(加)厄尔德曼(Erdman,P.E.)著@F( jia ) e er de man (Erdman,P.E.) zhu@g芦 汀等译 |
| 210 | @a上海@c上海译文出版社@d1987.5 | |
| 215 | @a240页@d19厘米 | |
| 300 | @a书名原文:The Silver Bears | |
| 330 | @a本书是一本描写大投机家同黑社会分子沆瀣一气操纵世界白银市场的小说。 | |
| 510 | 1 | @aThe Silver Bears@zeng |
| 540 | 1 | @a投机家@Atou ji jia |
| 606 | @a长篇小说@y加拿大@z现代 | |
| 690 | @aI711.45@v1980 | |
| 692 | @a47.6252@v1974 | |
| 701 | 0 | @a厄尔德曼(Erdman,P.E.)@Ae er de man (Erdman,P.E.)@4著 |
| 701 | 0 | @a芦汀@Alu ting@4译 |
| 801 | 0 | @aCN@bTSSF@c20060809 |
| 905 | @a10447@dI711.45@e15 | |
| 投机家/(加)厄尔德曼(Erdman,P.E.)著/芦 汀等译.-上海:上海译文出版社,1987.5 |
| 240页;19厘米 |
| 书名原文:The Silver Bears |
| ISBN :CNY1.20 |
| 本书是一本描写大投机家同黑社会分子沆瀣一气操纵世界白银市场的小说。 |
| ● |
| 相关链接 |
|
|
|
|
正题名:投机家
索取号:I711.45/15
 
预约/预借
| 序号 | 登录号 | 条形码 | 馆藏地/架位号 | 状态 | 备注 |
| 1 | 0450595 | 204505954 | 密集书库/ [索取号:I711.45/15] | 在馆 |